La Paz County Land Conveyance Act : report (to accompany H.R. 2630) (including cost estimate of the Congressional Budget Office).

Bibliographic Details
Corporate Author: United States. Congress. Senate. Committee on Energy and Natural Resources (Author)
Format: Government Document eBook
Language:English
Published: [Washington, D.C.] : [U.S. Government Publishing Office], [2018]
Series:Report / 115th Congress, 2d session, Senate ; 115-365
Subjects:
Online Access:PDF version
Text version

MARC

Tag First Indicator Second Indicator Subfields
LEADER 00000nam a2200000 i 4500
001 in00004020249
005 20190117125429.0
006 m o d f
007 cr bn||||a||||
008 181127s2018 dcu o f000 0 eng c
035 |a (OCoLC)on1076361778 
042 |a pcc 
043 |a n-us-az 
040 |a GPO  |b eng  |e rda  |e pn  |c GPO  |d GPO  |d MvI 
049 |a WWW 
050 4 |a KF31  |b .E55 2018zz 
074 |a 1008-G (online) 
086 0 |a Y 1.1/5:115-365 
110 1 |a United States.  |b Congress.  |b Senate.  |b Committee on Energy and Natural Resources,  |e author. 
245 1 0 |a La Paz County Land Conveyance Act :  |b report (to accompany H.R. 2630) (including cost estimate of the Congressional Budget Office). 
264 1 |a [Washington, D.C.] :  |b [U.S. Government Publishing Office],  |c [2018] 
300 |a 1 online resource (7 pages). 
336 |a text  |b txt  |2 rdacontent 
337 |a computer  |b c  |2 rdamedia 
338 |a online resource  |b cr  |2 rdacarrier 
490 1 |a Report / 115th Congress, 2d session, Senate ;  |v 115-365 
588 |a Description based on online resource; title from PDF title screen (govinfo web site, viewed on Nov. 27, 2018). 
500 |a "November 14, 2018." 
650 0 |a Land titles  |x Registration and transfer  |z Arizona  |z La Paz County. 
655 7 |a Legislative materials.  |2 lcgft 
776 0 8 |i Print version:  |a United States. Congress. Senate. Committee on Energy and Natural Resources.  |t La Paz County Land Conveyance Act  |w (OCoLC)1076361880 
810 1 |a United States.  |b Congress.  |b Senate.  |t Report ;  |v 115-365. 
856 4 0 |3 PDF version  |u https://purl.fdlp.gov/GPO/gpo112078  |t 0 
856 4 0 |3 Text version  |u https://purl.fdlp.gov/GPO/gpo112080  |t 0 
999 f f |s 1fdc4bc6-de05-325a-90bd-d4d2b9228e35  |i 76df2758-41ac-3dc6-ae69-1455f9dba9e4  |t 0 
952 f f |a Texas A&M University  |b College Station  |c Electronic Resources  |d Available Online  |t 0  |e Y 1.1/5:115-365  |h Superintendent of Documents classification 
998 f f |a Y 1.1/5:115-365  |t 0  |l Available Online